00387nam a2200145Ia 4500100002300000942000700023654002100030245003300051260002000084082001100104300000800115546001200123999001700135952008900152 aArerkar/ Rajendra  cBK acomputer science aTheory of Computer Science bMahalaxmic2001 a4bAKE a517 aENGLISH c31047d31047 001040708CRCaCRCEbCRCEd2023-03-17l0o4 AKEp12215r2023-03-17w2023-03-17yBK